000 00169 a2200085 4500
041 _aspa
100 _aAnonimo
245 _aConstitucion politica de Nicaragua
942 _cBK
999 _c10219
_d10219